Merchant Shipping Notices (Record no. 3290)

000 -LEADER
fixed length control field 00286nam a2200133Ia 4500
008 - FIXED-LENGTH DATA ELEMENTS--GENERAL INFORMATION
fixed length control field 200103s9999||||xx |||||||||||||| ||und||
082 ## - DEWEY DECIMAL CLASSIFICATION NUMBER
Classification number Column-5
100 ## - MAIN ENTRY--PERSONAL NAME
Personal name MSA
245 #0 - TITLE STATEMENT
Title Merchant Shipping Notices
250 ## - EDITION STATEMENT
Edition statement Vol. 3
260 ## - PUBLICATION, DISTRIBUTION, ETC. (IMPRINT)
Name of publisher, distributor, etc MSA
Date of publication, distribution, etc 1996
942 ## - ADDED ENTRY ELEMENTS (KOHA)
Item type Books

No items available.

Copyright © 2021 Indian Maritime University, Mumbai Port Campus. All Rights Reserved. Managed & Maintained by Central Library, IMU-Mumbai

webs counters

Powered by Koha